000
00279nam a2200121Ia 4500
008
190216s9999||||xx |||||||||||||| ||und||
100
_a
Mukunth Nimbath
245
0
_a
Hindi-Jai Jagath
260
_b
Skilltube Publications
_c
2000
300
_a
154
650
_a
Hindi
942
_c
BK
999
_c
16735
_d
16735